| 000 | 00859nam a2200253Ia 4500 | ||
|---|---|---|---|
| 003 | OSt | ||
| 005 | 20221005113223.0 | ||
| 006 | a|||||r|||| 00| 0 | ||
| 007 | ta | ||
| 008 | 221004b |||||||| |||| 00| 0 pan d | ||
| 020 | _c160 | ||
| 024 | _a5365 | ||
| 037 |
_b686, 12/06/2013, H.K. Prakashan _cTextual |
||
| 040 |
_aCRL _cCRL _bpan |
||
| 041 |
_2pan _apan |
||
| 082 | _aO11195:g, 153P9 | ||
| 100 | _aਧੀਮਾਨ, ਹਰਬੰਸ ਸਿੰਘ | ||
| 245 | 0 | _aਪੱਛਮੀ ਸਾਹਿਤ ਚਿੰਤਨ | |
| 260 |
_aਪਟਿਆਲਾ _bਗਗਨ ਪ੍ਰਕਾFਨ ਭਾਰਤ _c2009 |
||
| 300 |
_a147ਪੰ _ccm. |
||
| 650 | _aਪੰਜਾਬੀ ਸਾਹਿਤ | ||
| 942 |
_hO11195:g, 153P9 _cTEXL _2cc |
||
| 999 |
_c1027437 _d1027437 |
||